000 00818nas a2200277 4500
001 BR0806363
003 BR-BrBNA
005 20231205112131.0
007 ta
008 230509b bl.|||p| |||| 00| 00por d
040 _aBR-BrBNA
_bpor
_cBiblioteca Nacional de Agricultura
041 _a(Pt)
072 _aL73
100 1 _aSilva, A.S. da
100 1 _aCosta, M.M.
100 1 _aLopes, S.T. dos A.
100 1 _aMonteiro, S.G.
245 1 _aAlterações hematológicas em coelhos infectados experimentalmente pelo Trypanosoma evansi
650 _aPROTOZOÁRIO
650 _aANEMIA
650 _aHEMATOLOGIA
650 _aCOELHO
773 0 _tCiência Rural (Brazil)
_xISSN 0103-8478
_g(Mar-Apr 2008), v. 38(2) p. 538-542
_wBR0806363
909 _a202311
_bLúcia
_c55
_dLúcia Elande
942 _2AGRIS
_n0
_cANA
999 _c196264
_d196264